Manifesto for a Post-Critical Pedagogy (Record no. 49391)

MARC details
000 -LEADER
fixed length control field 02250nam a2200241Ia 4500
000 - LEADER
fixed length control field 02928naaa 00373uu
001 - CONTROL NUMBER
control field https://directory.doabooks.org/handle/20.500.12854/26690
008 - FIXED-LENGTH DATA ELEMENTS--GENERAL INFORMATION
fixed length control field 211013s9999 xx 000 0 und d
020 ## - INTERNATIONAL STANDARD BOOK NUMBER
International Standard Book Number 9781947447394
024 ## - OTHER STANDARD IDENTIFIER
Standard number or code 10.21983/P3.0193.1.00
042 ## - AUTHENTICATION CODE
Authentication code dc
100 1# - MAIN ENTRY--PERSONAL NAME
Personal name Hodgson, Naomi
245 #0 - TITLE STATEMENT
Title Manifesto for a Post-Critical Pedagogy
260 ## - PUBLICATION, DISTRIBUTION, ETC.
Place of publication, distribution, etc. Earth, Milky Way
Name of publisher, distributor, etc. punctum books
Date of publication, distribution, etc. 2018
300 ## - PHYSICAL DESCRIPTION
Extent 1 electronic resource (110 p.)
520 ## - SUMMARY, ETC.
Summary, etc. The belief in the transformative potential of education has long underpinned critical educational theory. But its concerns have also been largely political and economic, using education as the means to achieve a better 's 2013; or ideal 's 2013; future state: of equality and social justice. Our concern is not whether such a state can be realized. Rather, the belief in the transformative potential of education leads us to start from the assumption of equality and to attend to what is educational about education. In Manifesto for a Post-Critical Pedagogy we set out five principles that call not for an education as a means to achieve a future state, but rather that make manifest those educational practices that do exist today and that we wish to defend. The Manifesto also acts as a provocation, as the starting point of a conversation about what this means for research, pedagogy, and our relation to our children, each other, and the world. Manifesto for a Post-Critical Pedagogy invites a shift from a critical pedagogy premised on revealing what is wrong with the world and using education to solve it, to an affirmative stance that acknowledges what is educational in our existing practices. It is focused on what we do and what we can do, if we approach education with love for the world and acknowledge that education is based on hope in the present, rather than on optimism for an eternally deferred future.
540 ## - TERMS GOVERNING USE AND REPRODUCTION NOTE
Terms governing use and reproduction Creative Commons
653 ## - INDEX TERM--UNCONTROLLED
Uncontrolled term radical pedagogy
700 1# - ADDED ENTRY--PERSONAL NAME
Personal name Vlieghe, Joris
856 ## - ELECTRONIC LOCATION AND ACCESS
Uniform Resource Identifier <a href="https://docs.google.com/spreadsheets/d/1yKIrdCPDAG_9c22mwoOIO2DOhtj65Wqa/edit?usp=sharing&ouid=106555315294820607512&rtpof=true&sd=true ">https://docs.google.com/spreadsheets/d/1yKIrdCPDAG_9c22mwoOIO2DOhtj65Wqa/edit?usp=sharing&ouid=106555315294820607512&rtpof=true&sd=true </a>
Link text List of Curated E-Books
942 ## - ADDED ENTRY ELEMENTS (KOHA)
Koha item type E-Book
Holdings
Withdrawn status Source of classification or shelving scheme Damaged status Not for loan Home library Current library Date acquired Total Checkouts Date last seen Price effective from Koha item type
  Library of Congress Classification   Not For Loan Directory of Open Access Books Directory of Open Access Books 12/22/2021   12/22/2021 12/22/2021 E-Book

University of Rizal System
Email us at univlibservices@urs.edu.ph

Visit our Website www.urs.edu.ph/library